000 00744nam a2200241Ia 4500
001 dia_4302
003 CHAP
005 20251029155251.0
008 220117s1990 xx 000 0 und d
010 _a170772
040 _cCHAP
_amxchpua
090 _aFOLLETO 2828
100 _aPérez Trujillo, Héctor
_990067
245 _aEl cultivo de frijol en Zacatecas /
_c Héctor Pérez Trujillo
260 _aMéxico :
_b SARH, Instituto nacional de investigaciones forestales y agropecuarias,
_c1990
300 _a24 p.
500 _aD. (Folleto para productores, 1)
650 _aFrijol
_943319
901 _aFOLLETO 2828
902 _aM
905 _a0000001990 mx 0000000000spa00
942 _cFOLL
_2local
999 _c170772
_d170772